00872cam a22002297a 450000100060000000300080000600500170001400800410003103500190007204000230009104100080011408200270012211100820014924500350023125000120026626001020027830000350038065000520041594200120046799900170047995201460049645149BD-RjUL20211209053954.0160724s1982 ii 000 0 eng  a(BD-RjUL)45267 aDLCcDLCdDLCbeng aeng 223 a332.1 bTHO 1982 2 aInternational Seminar on Islamic Bankingd(1980 :cDhaka, Bangladesh)913861510aThoughts on Islamic banking /  a1st ed. aDacca, Bangladesh :bIslamic Economics Research Bureau :bDistributor, Adhunik Prakashani,c1982. axvi, 256 p. :bill. ; c23 cm. a Banks and bankingxIslamic countries 9138310 2ddccBK c45149d45149 00102ddc40708NFICaRUCLbRUCLcStackd1982-05-31eIslamic Foundetion, Dhakal0o332.1 THO 1982r2016-07-24 00:00:00tC-2w2016-07-24yBK